The meaning of the glorious Koran /

محفوظ في:

المؤلف الرئيسي: Pickthall, Marmaduke William (مؤلف)

مؤلفون آخرون: Pickthall, Marmaduke, 1875-1936.

التنسيق: كتاب

اللغة: English
Arabic

منشور في: [New York] : New American Library, [1963].

الطبعة: [10th print.]

سلاسل: N.A.L. mentor books ; ms. 94.

الموضوعات:

الوسوم: إضافة وسم

لا توجد وسوم, كن أول من يضع وسما على هذه التسجيلة!

رقم الطلب: BP109 .P5 1963

LEADER 00863nam a22002891 4500
001 5284
003 OSt
005 20250924081155.0
008 130303s1963 nyu 000 0 eng d
010 |a 54000764 
035 |a ocm00382845 
040 |c ARCE Library 
041 1 |a eng  |h ara 
050 4 |a BP109 .P5 1963 
100 |a Pickthall, Marmaduke William,  |e author 
130 0 |a Qurʼan.  |l English 
245 1 4 |a The meaning of the glorious Koran /  |c An explanatory translation by Mohammed Marmaduke Pickthall. 
250 |a [10th print.] 
264 1 |a [New York] :  |b New American Library,  |c [1963]. 
300 |a xxix, 464 pages ;   |c 18 cm. 
490 1 |a NAL Mentor books ;  |v ms. 94. 
630 0 0 |a Qurʼan. 
700 1 |a Pickthall, Marmaduke,  |d 1875-1936.  |9 37623 
830 0 |a N.A.L. mentor books ;  |v ms. 94. 
901 |a reviewed 
942 |c BK  |2 lcc 
999 |c 5217  |d 5217